000 00472nam a2200181Ia 4500
008 090123s9999 xx 000 0 und d
082 _b12615
_a891.463/रोकडे
100 _aरोकडे ल.स.
245 _aझळा
250 _a1
260 _bअनघा प्रकाशन
_c1986
300 _a174
600 _aरोकडे ल.स.
630 _aझळा
700 _aरोकडे ल.स.
730 _aझळा
942 _cBOOK
999 _c50680
_d50680